Αντιστασιακά παιδικά διηγήματα

Αποθηκεύτηκε σε:
Λεπτομέρειες βιβλιογραφικής εγγραφής
Κύριος συγγραφέας: Σακελλαρίου, Χάρης Ν. 1923-
Μορφή: Βιβλίο
Γλώσσα:Greek
Δημοσίευση: Αθήνα : Κέδρος, 1984
Έκδοση:2η έκδ.
Σειρά:Κατώφλι στον κόσμο
Θέματα:
Ετικέτες: Προσθήκη ετικέτας
Δεν υπάρχουν, Καταχωρήστε ετικέτα πρώτοι!

MARC

LEADER 00000nam a2200000 i 4500
001 1/29003
008 021112s1984 gre d
020 |a 960-04-1176-X 
035 |l 10068719 
040 |a GR-MY-UA  |b gre  |e aacr 
041 0 |a gre 
082 0 |a 808.0683 
100 1 |a Σακελλαρίου, Χάρης Ν.  |d 1923- 
245 1 0 |a Αντιστασιακά παιδικά διηγήματα /  |c Χάρη Σακελλαρίου 
250 |a 2η έκδ. 
260 |a Αθήνα :   |b Κέδρος,   |c 1984 
300 |a 119 σ. 
490 1 |a Κατώφλι στον κόσμο 
650 0 0 |a Young adult fiction. 
650 0 0 |a Young adult literature. 
651 0 |a Greece  |x History  |y Occupation, 1941-1944  |x Juvenile fiction. 
830 0 |a Κατώφλι στον κόσμο 
852 |a INST  |b RHODES  |e 20021112  |h 808.0683 ΣΑΚ  |p 005400015955  |q 005400015955  |t BK  |y 0 
901 |a BIBL4-2002-3 
909 |a Ρ  |b 101564 
922 |a 4ΕΛΗ  |b 200210  |c ΒΙΒΛΙΟΘΗΚΗ  |d ΔΕΝΤΡΟ 
950 |a 094-2002-10-05 
970 |a ΚΟΥΛΑΚΙΟΤΗ  |b ΛΙΤΣΑ  |z 2002/12/11